HIGH COURT CRIMINAL SESSION NO.1 OF 1970 Uganda Vs Festo Kenyi (Record no. 6606)
[ view plain ]
| 000 -LEADER | |
|---|---|
| fixed length control field | 00455nam a22001097a 4500 |
| 008 - FIXED-LENGTH DATA ELEMENTS--GENERAL INFORMATION | |
| fixed length control field | 150623b xxu||||| |||| 00| 0 eng d |
| 010 ## - LIBRARY OF CONGRESS CONTROL NUMBER | |
| Field link and sequence number | HCCRS ARF:007 |
| 245 ## - TITLE STATEMENT | |
| Title | HIGH COURT CRIMINAL SESSION NO.1 OF 1970 Uganda Vs Festo Kenyi |
| 260 ## - PUBLICATION, DISTRIBUTION, ETC. (IMPRINT) | |
| Place of publication, distribution, etc | High Court Kampala |
| 500 ## - GENERAL NOTE | |
| Materials specified | (Original criminal case no.1of 1970 of the Chief Magistrate's Court of Mengo at Kampala Before-D.L.Lubogo,Esq.,Chief Magistrate) |
| 500 ## - GENERAL NOTE | |
| Materials specified | BEFORE:The Honourable Mr.Ag.Justice Mukasa |
| Withdrawn status | Lost status | Source of classification or shelving scheme | Damaged status | Koha normalized classification for sorting | Not for loan | Location (home branch) | Sublocation or collection (holding branch) | Shelving location | Date acquired | Koha issues (times borrowed) | Koha full call number | Piece designation (barcode) | Koha date last seen | Price effective from | Koha item type | Public note |
|---|---|---|---|---|---|---|---|---|---|---|---|---|---|---|---|---|
| Dewey Decimal Classification | HCCRS_ARF007 | Archives | Archives | Archives | 06/23/2015 | HCCRS ARF:007 | 0728/2015 | 06/23/2015 | 06/23/2015 | Un Reported Cases | Judgement was entered on 14th January 1970 | |||||
| Dewey Decimal Classification | HCCRS_ARF007 | Archives | Archives | Archives | 06/23/2015 | HCCRS ARF:007 | 0729/2015 | 06/23/2015 | 06/23/2015 | Un Reported Cases | Judgement was entered on 14th January 1970 |
